00404nam a2200133Ia 4500020001500000082002500015245006500040260004100105300000900146500003300155526003700188650003700225650000800262 a0717245470 a423bNEWcL-31, P-97 aThe New lexicon webster's dictionary of the english language aNew YorkbLexicon Publicationsc1987 a704p aLibrary has: 2 Volumes (set) a0b0c0d423_000000000000000_NEW aEnglish Language -- Dictionaries aMCE